Top 30 : Morad - Statistiques

Statistiques générales
  • Ce quiz a été pris 47 fois
  • Le résultat moyen est 11 sur 30
Statistiques - réponses
Top Titres Featuring % Correct
1 Sigue Beny Jr, K y B
84%
3 Se Grita Jul
74%
2 Seya GIMS, SativaMusic
65%
11 Eurovision Central Cee, Rondodasosa, Freeze Corleone, Baby Gang, A2ANTI, Beny Jr, ASHE 22
58%
4 Pelele
58%
5 Manos Rotas DELLAFUENTE
55%
9 La street Jul
52%
6 Lo Que Tiene Beny Jr, Rvfv
52%
25 Cómo Es? Beny Jr, K y B
45%
27 Ojos Sin Ver ElGrandeToto
45%
20 Europa Jul, Rhove, Elai
42%
21 No Estuviste En Lo Malo
42%
22 No Estuviste En Lo Malo - REMIX Beny Jr, DELLAFUENTE
42%
8 Casablanca Baby Gang, Bobo
39%
30 Papel Rim'K
39%
13 Cómo Están? Trobi
35%
18 Normal
35%
12 A Escondidas $kyhook
29%
28 Andando Eladio Carrion, Beny Jr
29%
23 Que Dirá? Beny Jr, K y B
29%
10 Soñar
29%
24 Corazón Puro Rvfv, Rels B
26%
17 Motorola
26%
15 Desespero Rvfv
23%
14 Dominicana Rvfv, Pablo Mas
13%
26 Habla Claro Eladio Carrion
13%
7 Morad: Bzrp Music Sessions, Vol. 47/66 Bizarrap
13%
16 Cuando Ella Sale
10%
19 Carretera
6%
29 No Te Imaginas Rels B
6%
Aucun quiz correspondant
Distribution des résultats
% des personnes avec chaque résultat
Percentile par nombre de réponses
Votre historique - résultats
Vous n’avez pas pris ce quiz